[Event "67th Warsaw-ch A 2018"]
[Site "Warsaw"]
[Date "2018.11.13"]
[Round "2.3"]
[White "Sanz Wawer, Daniel"]
[Black "Jarmula, Lukasz"]
[Result "0-1"]
[WhiteElo "2192"]
[BlackElo "2492"]
[Annotator "TA"]
[PlyCount "138"]
[EventDate "2018.11.12"]
[EventCountry "POL"]
[SourceTitle "playchess.com"]
[Source "ChessBase"]
[SourceQuality "1"]

{[%evp 18,138,0,3,57,62,58,19,27,37,56,55,62,48,84,85,113,119,141,137,139,125,114,86,159,143,179,87,82,0,179,143,198,118,333,343,308,0,0,0,0,0,4,46,29,26,23,-78,-94,-85,-87,-138,-75,-142,-135,-126,-126,-144,-145,-142,-136,-132,-134,-141,-135,-135,-68,-81,-30,-184,-164,-168,-173,-195,-190,-284,-107,-89,0,-56,-27,-27,-31,-107,-133,-435,-338,-613,-608,-601,-260,-257,0,-587,-512,-816,-810,-816,-744,-810,-797,-736,-733,-733,-732,-725,-725,-677,-680,-713,-716,-29970,-29972,-29981,-29982,-29978,-29978,-29987,-29988,-29989,-29983,-29983,-29984]} 1. d4 Nf6 2. c4 g6 3. Bf4 Bg7 4. Nf3 O-O 5. e3 c5 6. Be2 d5 7. O-O Nc6 8. Nc3 cxd4 9. Nxd4 Nxd4 10. exd4 {LiveBook: 3 Games} Be6 {A35: Symmetrical English: 2 Nc3 Nc6 3 Nf3} (10... dxc4 $11 11. Bxc4 a6) 11. c5 $14 Ne4 12. Bf3 $146 ({Predecessor:} 12. Rc1 Qd7 13. b4 Rfc8 14. f3 Nxc3 15. Rxc3 Bf5 16. Re1 a6 17. Bf1 h5 18. h3 {0-1 (39) Stokstad,P (2226)-Rawlings,A (2179) Chessfriend.com 2004}) 12... f5 {The position is equal.} 13. Rc1 h6 14. Be5 Bxe5 15. dxe5 Qb8 16. Qd4 $1 Rd8 17. Bd1 Kh7 18. Ne2 Bd7 19. a4 ({Of course not} 19. Qxd5 $6 e6 $11) 19... Ng5 20. Nf4 e6 ({Black should play} 20... a5) 21. Re1 Re8 22. Rc3 (22. h4 $18) 22... Ne4 $16 23. Rc1 (23. Rc2 $16) 23... Ng5 $1 $18 24. Bc2 Nf7 (24... h5 $16 {was called for.}) 25. h4 (25. b4 $18) 25... Nd8 $2 (25... h5 $16) 26. h5 g5 {[#]} 27. Bxf5+ $2 ({White has to play} 27. Nxd5 $1 $18 {[%mdl 512]} exd5 28. e6 {[%mdl 64] Decoy} Nxe6 29. Qxd5 {[%mdl 64] Double Attack}) 27... exf5 $11 28. Nxd5 {White threatens Nf6+ and mate.} Be6 $1 29. Nf6+ Kh8 30. Nxe8 Nc6 31. Qc3 Qxe8 32. Rcd1 (32. b4 $1 $11 {was the only way to keep the balance.}) 32... a5 $1 $17 {[%mdl 1024] Black has strong compensation.} ({But not} 32... Qxh5 $6 33. Rd6 $14) 33. Rd6 Qf7 34. Red1 (34. Qf3 $142) 34... Re8 (34... Qxh5 $142 35. f4 gxf4) 35. Qf3 (35. Rxc6 $142 bxc6 36. Rd6) 35... f4 ({Don't play} 35... Nxe5 $6 36. Qc3 $11) 36. Re1 g4 37. Qe4 f3 38. Qg6 Qxg6 39. hxg6 fxg2 $1 40. Kxg2 Kg7 41. f3 gxf3+ (41... Kxg6 $17 42. fxg4 Kg5) 42. Kxf3 $15 Kxg6 (42... Bc8 $17) 43. Ke4 $2 (43. Kf4 $1 $11) 43... Kg5 $19 44. Rg1+ Bg4 45. e6 {[#]} h5 $1 46. Kd5 {[#]} (46. Ke3 $142) 46... Ne7+ $2 (46... Kf4 $1 $19 {and Black stays clearly on top.} 47. Rf1+ Ke3) 47. Kc4 $17 Nc6 (47... Kf4 $17 48. Re1 Nc6) 48. Kb5 (48. Kd5 $1 $11) 48... Ne5 {next ...h4 is good for Black.} 49. b3 $1 h4 {[%cal Bh5h4,Bh4h3][%mdl 32] aiming for ...h3.} 50. Kb6 (50. Kxa5 $15 h3 51. Kb6) 50... h3 51. Rd2 $2 {[%mdl 8192]} (51. Kxa5 $17 {is more resistant.} Kf4 52. e7) 51... Re7 52. Re2 $2 (52. Rd6) 52... Rxe6+ $19 53. Kxb7 Re7+ (53... Kf4 $142 54. Rh2 Bf3+ 55. c6 Bxc6+ 56. Ka6 Bg2+ 57. Kxa5 Kg3 58. Rxh3+ Kxh3) 54. Ka6 Re6+ $2 (54... Kf4 55. Rh2 Rh7) 55. Kb7 $1 Kf4 56. Rf2+ (56. Rd2 $142 Bf3+ 57. Ka7) 56... Bf3+ 57. Kb8 Rc6 58. Rc2 Nd7+ 59. Ka7 Rc7+ 60. Ka6 Nxc5+ 61. Kb5 Rb7+ 62. Kxa5 Nxb3+ 63. Ka6 Rb4 64. a5 Nd4 {Black mates.} 65. Rf2 Ke3 66. Rxf3+ Kxf3 67. Ka7 h2 68. Rd1 Nc6+ 69. Ka6 Rh4 {Accuracy: White = 33%, Black = 50%.} 0-1

[Event "67th Warsaw-ch A 2018"]
[Site "Warsaw"]
[Date "2018.11.13"]
[Round "2.4"]
[White "Maj, Pawel"]
[Black "Nguyen, Piotr"]
[Result "1/2-1/2"]
[WhiteElo "2064"]
[BlackElo "2393"]
[Annotator "ChessBase"]
[PlyCount "74"]
[EventDate "2018.11.12"]
[EventCountry "POL"]
[SourceTitle "playchess.com"]
[Source "ChessBase"]
[SourceQuality "1"]

1. c4 e6 2. d4 Nf6 3. Nc3 d5 4. cxd5 exd5 5. Bg5 c6 6. Qc2 Be7 7. e3 Nbd7 8. Bd3 Nh5 9. Bxe7 Qxe7 10. Nge2 Nb6 11. h3 g6 12. g4 Ng7 13. O-O-O h5 14. e4 dxe4 15. Bxe4 hxg4 16. hxg4 Rxh1 17. Rxh1 Bxg4 18. Rh8+ Kd7 19. Rxa8 Nxa8 20. d5 f5 21. dxc6+ bxc6 22. Bh1 Nb6 23. Qd2+ Qd6 24. Qxd6+ Kxd6 25. Nd4 a6 26. Nxc6 Ne6 27. Nb4 Nc5 28. Kc2 Nc4 29. b3 Ne5 30. f4 Nf3 31. Bxf3 Bxf3 32. Nd3 Ne6 33. Ne5 Bh5 34. Nd3 g5 35. fxg5 Nxg5 36. b4 Ne6 37. a4 Be8 1/2-1/2

[Event "67th Warsaw-ch A 2018"]
[Site "Warsaw"]
[Date "2018.11.13"]
[Round "2.5"]
[White "Deszczynski, Adam"]
[Black "Zelak, Wladyslaw"]
[Result "1-0"]
[WhiteElo "2315"]
[BlackElo "1815"]
[Annotator "ChessBase"]
[PlyCount "79"]
[EventDate "2018.11.12"]
[EventCountry "POL"]
[SourceTitle "playchess.com"]
[Source "ChessBase"]
[SourceQuality "1"]

1. d4 Nf6 2. c4 g6 3. Nc3 Bg7 4. e4 O-O 5. Nf3 d6 6. h3 e5 7. d5 a5 8. Be3 Na6 9. Nd2 Nc5 10. g4 Bd7 11. Rg1 Ne8 12. Be2 Qe7 13. Qc2 f5 14. gxf5 gxf5 15. O-O-O f4 16. Bxc5 dxc5 17. Bg4 Bxg4 18. Rxg4 Nf6 19. Rg5 Kh8 20. Nf3 Nd7 21. Rdg1 Bf6 22. R5g4 Rg8 23. Qb3 Nb6 24. Na4 Nxa4 25. Qxa4 b6 26. Qc6 Rad8 27. Rxg8+ Rxg8 28. Rxg8+ Kxg8 29. Kc2 Kf7 30. Kb3 Bg7 31. Ka4 Bf8 32. Kb5 Qd6 33. Ng5+ Kg6 34. Ne6 Be7 35. Qe8+ Kh6 36. Qf7 Qd7+ 37. Ka6 Qc8+ 38. Ka7 Qd7 39. Qg7+ Kh5 40. Qxh7# 1-0

[Event "67th Warsaw-ch A 2018"]
[Site "Warsaw"]
[Date "2018.11.13"]
[Round "2.6"]
[White "Spicak, Krzysztof"]
[Black "Kowalski, Igor"]
[Result "0-1"]
[WhiteElo "1940"]
[BlackElo "2293"]
[Annotator "ChessBase"]
[PlyCount "210"]
[EventDate "2018.11.12"]
[EventCountry "POL"]
[SourceTitle "playchess.com"]
[Source "ChessBase"]
[SourceQuality "1"]

1. e4 g6 2. d4 Bg7 3. f4 d5 4. e5 c5 5. dxc5 Qa5+ 6. Nc3 Be6 7. Qd4 Nc6 8. Bb5 Nh6 9. Nf3 O-O 10. Qa4 Qc7 11. Bxc6 bxc6 12. Nd4 Bd7 13. O-O Rfb8 14. h3 Nf5 15. Nce2 a5 16. c3 Qa7 17. Nxf5 gxf5 18. Qd4 a4 19. Rb1 Rb5 20. Be3 Rab8 21. Qd2 Qb7 22. b4 axb3 23. Nd4 bxa2 24. Rxb5 cxb5 25. Qxa2 e6 26. Ra1 Bf8 27. Qa7 Qc8 28. c6 Be8 29. Qa6 b4 30. cxb4 Bxb4 31. Qxc8 Rxc8 32. Rc1 Kf8 33. Kf2 Ba5 34. g4 fxg4 35. hxg4 Kg8 36. f5 Bc7 37. fxe6 fxe6 38. Nxe6 Bxe5 39. Bf4 Bb2 40. Rc2 Rxc6 41. Rxb2 Rxe6 42. Rb8 Kf7 43. Rd8 Re4 44. Kf3 Ra4 45. Kg3 Ra3+ 46. Kh4 Rd3 47. Kg5 Ke7 48. Rd6 Rd1 49. Rf6 d4 50. Bd6+ Kd7 51. Bc5 d3 52. Rd6+ Kc7 53. Rd4 Bg6 54. Kf4 Re1 55. Bb4 Re2 56. Kf3 Kc6 57. Kf4 Kb5 58. Bc3 Kc5 59. Rd8 Kc4 60. Ba5 Kb3 61. Rd4 Ra2 62. Be1 Kc2 63. Ke3 Kd1 64. Bb4 Re2+ 65. Kf3 Kc1 66. Ba5 Ra2 67. Bc7 Rc2 68. Bf4+ Kb2 69. Rd6 Re2 70. Rb6+ Kc3 71. Rc6+ Kd4 72. Rd6+ Kc5 73. Rd7 Be4+ 74. Kg3 Kc4 75. Rc7+ Kb3 76. Rd7 Rg2+ 77. Kh3 Rf2 78. Bg3 Rf1 79. Kh4 Kc2 80. Rc7+ Kd1 81. Bd6 d2 82. Bb4 Ke2 83. Bxd2 Kxd2 84. Kg5 Rf8 85. Ra7 Ke3 86. Ra3+ Bd3 87. Kh4 Rf7 88. Rb3 Kd4 89. Rb4+ Ke5 90. Rb3 Bg6 91. Kg5 Rd7 92. Re3+ Be4 93. Re1 Rg7+ 94. Kh4 Kf4 95. g5 Bf3 96. Ra1 Re7 97. Ra6 Be4 98. Ra4 Re5 99. Rb4 Ra5 100. Rb2 Ra1 101. Rf2+ Bf3 102. Rh2 Rg1 103. Rh3 Rg4+ 104. Kh5 Rg3+ 105. Kh4 Rxh3+ 0-1

[Event "67th Warsaw-ch A 2018"]
[Site "Warsaw"]
[Date "2018.11.13"]
[Round "2.7"]
[White "Kokoszczynski, Jan"]
[Black "Liberadzki, Slawomir"]
[Result "1/2-1/2"]
[WhiteElo "2245"]
[BlackElo "1959"]
[Annotator "ChessBase"]
[PlyCount "137"]
[EventDate "2018.11.12"]
[EventCountry "POL"]
[SourceTitle "playchess.com"]
[Source "ChessBase"]
[SourceQuality "1"]

1. d4 d5 2. c4 e6 3. Nc3 Nf6 4. cxd5 exd5 5. Bg5 Be7 6. e3 h6 7. Bh4 O-O 8. Bd3 c6 9. Qc2 Re8 10. Nge2 Ne4 11. Bxe7 Qxe7 12. Bxe4 dxe4 13. O-O Na6 14. a3 Nc7 15. Rfc1 f5 16. Na4 Be6 17. Nc5 Nd5 18. Nxe6 Qxe6 19. Qb3 Nf4 20. Qxe6+ Nxe6 21. Nc3 Rad8 22. b4 Rd7 23. Kf1 Kf7 24. Ra2 Ke7 25. a4 Red8 26. Ke2 h5 27. h4 g6 28. Rd1 Rc8 29. Rc2 Rcd8 30. Rcd2 Nc7 31. f3 exf3+ 32. gxf3 Nd5 33. Nxd5+ cxd5 34. Rc2 Kd6 35. Rg1 Rg8 36. Kd3 Rdg7 37. Rcg2 Ke6 38. e4 fxe4+ 39. fxe4 dxe4+ 40. Kxe4 Kd6 41. d5 a5 42. bxa5 Kc5 43. Rc1+ Kd6 44. Rb1 g5 45. Rc2 Rc7 46. Rb6+ Kd7 47. Rxc7+ Kxc7 48. hxg5 Rxg5 49. Rh6 Kd7 50. a6 bxa6 51. Rxa6 Rg1 52. Rh6 Re1+ 53. Kd4 Ra1 54. Rxh5 Rxa4+ 55. Ke5 Ra6 56. Rh7+ Kd8 57. Rb7 Rh6 58. Kd4 Rg6 59. Kc5 Rh6 60. Rg7 Rf6 61. Kb5 Rd6 62. Rg5 Rh6 63. Rg4 Kd7 64. Kc5 Kd8 65. Re4 Kd7 66. Ra4 Rg6 67. Ra7+ Kd8 68. d6 Rg1 69. Ra8+ 1/2-1/2

[Event "67th Warsaw-ch A 2018"]
[Site "Warsaw"]
[Date "2018.11.13"]
[Round "2.8"]
[White "Wiech, Grzegorz"]
[Black "Maciaga, Marcin"]
[Result "1-0"]
[WhiteElo "2238"]
[BlackElo "2164"]
[Annotator "ChessBase"]
[PlyCount "195"]
[EventDate "2018.11.12"]
[EventCountry "POL"]
[SourceTitle "playchess.com"]
[Source "ChessBase"]
[SourceQuality "1"]

1. e4 c5 2. Nf3 g6 3. d4 cxd4 4. Nxd4 Nc6 5. c4 Nf6 6. Nc3 d6 7. Be2 Bg7 8. Be3 O-O 9. O-O Bd7 10. Qd2 Nxd4 11. Bxd4 Bc6 12. f3 a5 13. Rac1 Nd7 14. Be3 a4 15. Rfd1 Nc5 16. Nd5 Be5 17. Bf1 e6 18. Nc3 Qh4 19. g3 Qe7 20. Bg2 Rfd8 21. Nb5 Rd7 22. Nd4 Rdd8 23. Qf2 a3 24. b3 Bg7 25. Rc2 e5 26. Ne2 f5 27. exf5 e4 28. Nd4 exf3 29. Nxc6 bxc6 30. Bxf3 Ne4 31. Bxe4 Qxe4 32. Bd4 gxf5 33. Bxg7 Kxg7 34. Re2 Qg4 35. Re7+ Kf8 36. Rde1 Re8 37. Qe3 Qg6 38. Kf2 Rxe7 39. Qxe7+ Kg8 40. Re6 Qh5 41. Kg2 f4 42. Qxd6 f3+ 43. Kf2 Rf8 44. g4 Qh4+ 45. Qg3 Qg5 46. Qd6 Qh4+ 47. Qg3 Qg5 48. Re3 Qf6 49. Qe5 Qh4+ 50. Qg3 Qd8 51. Rxf3 Qd2+ 52. Kg1 Rxf3 53. Qxf3 Qxa2 54. Qxc6 Qb1+ 55. Kg2 Qc2+ 56. Kg3 Qxb3+ 57. Kh4 Qe3 58. c5 Kf7 59. g5 Qf4+ 60. Kh3 Qf5+ 61. Kh4 Qf4+ 62. Kh3 Qe3+ 63. Kh4 Qe1+ 64. Kh5 Qe2+ 65. Kh4 Qxh2+ 66. Kg4 Qe2+ 67. Kh4 Qf2+ 68. Kh5 Qe2+ 69. Kh4 Qe6 70. Qf3+ Kg6 71. Qd3+ Qf5 72. Qa6+ Kg7 73. Qxa3 Qf4+ 74. Kh5 Qh2+ 75. Kg4 Qe2+ 76. Kf4 Qh2+ 77. Kf5 Qf2+ 78. Ke5 Qh2+ 79. Ke6 Qe2+ 80. Kd7 Qd2+ 81. Kc8 Qxg5 82. Qc3+ Kg6 83. c6 h5 84. c7 Qf5+ 85. Kb7 Qb5+ 86. Ka7 Qd7 87. Kb6 Qc8 88. Qd3+ Kg7 89. Qd4+ Kh7 90. Qe4+ Kg7 91. Qb7 Qe6+ 92. Ka7 Qe3+ 93. Qb6 Qa3+ 94. Kb8 Qg3 95. Qd4+ Kh7 96. Qd7+ Kg8 97. Qd5+ Kg7 98. Kb7 1-0

[Event "67th Warsaw-ch A 2018"]
[Site "Warsaw"]
[Date "2018.11.13"]
[Round "2.9"]
[White "Trybus, Daniel"]
[Black "Sliwerski, Radoslaw"]
[Result "0-1"]
[WhiteElo "1860"]
[BlackElo "1999"]
[Annotator "NA"]
[PlyCount "92"]
[EventDate "2018.11.12"]
[EventCountry "POL"]
[SourceTitle "playchess.com"]
[Source "ChessBase"]
[SourceQuality "1"]

1. e4 c5 2. d3 d6 3. g3 g6 4. Bg2 Bg7 5. f4 Nc6 6. Nf3 e6 7. O-O Nge7 8. c3 O-O 9. Na3 Rb8 10. Be3 b5 11. d4 cxd4 12. cxd4 d5 13. e5 b4 14. Nc2 a5 15. Bf2 Ba6 16. Re1 b3 17. Ne3 bxa2 18. Rxa2 Qb6 19. g4 Qb3 20. Qxb3 Rxb3 21. f5 gxf5 22. gxf5 exf5 23. Rc1 Bh6 24. Rc3 Rfb8 25. Nxf5 Nxf5 26. Rxc6 Be2 27. Nh4 Nxh4 28. Rxh6 Nxg2 29. Kxg2 Bf3+ 30. Kg3 Be4+ 31. Kg4 Rxb2 32. Rxb2 Rxb2 33. Bg3 Bg6 34. Bf4 Rb3 35. h4 Rb1 36. h5 Rg1+ 37. Bg3 Kg7 38. hxg6 Kxh6 39. gxf7 Kg7 40. e6 a4 41. Kf3 Rxg3+ 42. Kxg3 a3 43. Kf4 a2 44. Ke5 a1=Q 45. Kxd5 Kf8 46. Kc5 Qc3+ 0-1

[Event "67th Warsaw-ch A 2018"]
[Site "Warsaw"]
[Date "2018.11.13"]
[Round "2.11"]
[White "Golecki, Jan"]
[Black "Pietruszewski, Marcin"]
[Result "1-0"]
[WhiteElo "2029"]
[BlackElo "2242"]
[Annotator "ChessBase"]
[PlyCount "99"]
[EventDate "2018.11.12"]
[EventCountry "POL"]
[SourceTitle "playchess.com"]
[Source "ChessBase"]
[SourceQuality "1"]

1. e4 c5 2. Nf3 e6 3. d4 cxd4 4. Nxd4 a6 5. c4 Qc7 6. Nc3 Nf6 7. Qe2 d6 8. g3 b6 9. Bg2 Bb7 10. O-O Nbd7 11. Bd2 Be7 12. Rac1 O-O 13. f4 Rac8 14. b3 Rfe8 15. f5 exf5 16. Nxf5 Bf8 17. Nd5 Bxd5 18. cxd5 Qb7 19. Bc3 Qxd5 20. Bxf6 Rxc1 21. Nh6+ Kh8 22. Rxc1 Nxf6 23. exd5 Rxe2 24. Nxf7+ Kg8 25. Ng5 Re5 26. Ne6 Be7 27. Rc7 Kf7 28. Nd8+ Ke8 29. Nc6 Re3 30. h3 Nd7 31. Kf2 Rd3 32. Be4 Rd2+ 33. Ke1 Bg5 34. h4 Bh6 35. Bxh7 Ne5 36. Rc8+ Kf7 37. Nxe5+ dxe5 38. g4 Bf4 39. Rb8 b5 40. Bg8+ Ke7 41. Rb7+ Kd6 42. Rxg7 Kc5 43. Rc7+ Kd4 44. d6 Ke3 45. Rc3+ Kd4 46. Rf3 Be3 47. Bh7 e4 48. d7 exf3 49. d8=Q+ Kc3 50. Qf6+ 1-0

[Event "67th Warsaw-ch A 2018"]
[Site "Warsaw"]
[Date "2018.11.13"]
[Round "2.12"]
[White "Grochulski, Grzegorz"]
[Black "Misiuk, Andrzej"]
[Result "1-0"]
[WhiteElo "1996"]
[BlackElo "2215"]
[Annotator "ChessBase"]
[PlyCount "144"]
[EventDate "2018.11.12"]
[EventCountry "POL"]
[SourceTitle "playchess.com"]
[Source "ChessBase"]
[SourceQuality "1"]

1. e4 c5 2. Nf3 d6 3. d4 cxd4 4. Nxd4 g6 5. Nc3 Bg7 6. Be3 Nf6 7. h3 O-O 8. Bc4 Nc6 9. Bb3 Na5 10. O-O a6 11. Re1 b5 12. Qd3 Bb7 13. a3 Rc8 14. Rad1 Nxb3 15. cxb3 Nd7 16. Qb1 Nc5 17. b4 Nd7 18. a4 bxa4 19. Nxa4 Rc4 20. f3 Rxb4 21. b3 Ba8 22. Nc2 Rb8 23. Bd4 Bxd4+ 24. Rxd4 Qa5 25. Red1 Bc6 26. Na1 Rb7 27. Nb2 Rfb8 28. Nc4 Qc5 29. Kh2 Ne5 30. Qc1 Nd7 31. Nxd6 exd6 32. Rc4 Qe5+ 33. f4 Qe7 34. Rxc6 Qxe4 35. Rcxd6 Nf8 36. Rxa6 Rb4 37. Rf1 Ne6 38. f5 Nd4 39. f6 Nf5 40. Rc6 Qe5+ 41. Kg1 Re8 42. Nc2 Re4 43. Rc4 Rxc4 44. bxc4 Qc5+ 45. Kh2 Qd6+ 46. Qf4 Qxf6 47. Ne3 Qe5 48. Nxf5 Qxf4+ 49. Rxf4 gxf5 50. Rxf5 Kg7 51. Kg3 Kg6 52. Rd5 Re4 53. Rc5 f5 54. Kf3 h5 55. Rc6+ Kf7 56. c5 Ke7 57. Rh6 h4 58. c6 Kd8 59. Rf6 Rc4 60. Rxf5 Rxc6 61. Rf4 Rc3+ 62. Kf2 Ke7 63. Rxh4 Kf6 64. Re4 Kg5 65. Re3 Rc2+ 66. Kf3 Rc4 67. g3 Rb4 68. Ra3 Rc4 69. Ra5+ Kg6 70. Re5 Kf6 71. Re4 Rc3+ 72. Kf4 Rc6 1-0

[Event "67th Warsaw-ch A 2018"]
[Site "Warsaw"]
[Date "2018.11.13"]
[Round "2.13"]
[White "Praczukowski, Stanislaw"]
[Black "Majek, Kacper"]
[Result "1-0"]
[WhiteElo "2140"]
[BlackElo "2052"]
[Annotator "ChessBase"]
[PlyCount "81"]
[EventDate "2018.11.12"]
[EventCountry "POL"]
[SourceTitle "playchess.com"]
[Source "ChessBase"]
[SourceQuality "1"]

1. e4 e5 2. Nf3 Nc6 3. d4 exd4 4. Nxd4 Bc5 5. Nb3 Bb6 6. Nc3 Nge7 7. Qe2 O-O 8. Be3 f5 9. O-O-O d6 10. Kb1 Bd7 11. h4 Bxe3 12. Qxe3 f4 13. Qd2 Ne5 14. Be2 a5 15. Nd4 Rf6 16. Nf3 Nxf3 17. Bxf3 Ng6 18. Nd5 Rf8 19. h5 Ne5 20. Nxf4 Qg5 21. Qd5+ Rf7 22. Ne6 Qf6 23. Nd4 c6 24. Qb3 b5 25. Be2 a4 26. Qa3 b4 27. Qg3 c5 28. Nf3 Nxf3 29. gxf3 a3 30. e5 dxe5 31. Bc4 e4 32. Bxf7+ Kh8 33. c3 Qxf7 34. h6 Rg8 35. hxg7+ Rxg7 36. Qb8+ Rg8 37. Qe5+ Rg7 38. Rhg1 bxc3 39. Qxg7+ Qxg7 40. Rxg7 Bf5 41. Rf7 1-0

[Event "67th Warsaw-ch A 2018"]
[Site "Warsaw"]
[Date "2018.11.13"]
[Round "2.14"]
[White "Malec, Sebastian"]
[Black "Potocki, Karol"]
[Result "1-0"]
[WhiteElo "2132"]
[BlackElo "1862"]
[Annotator "ChessBase"]
[PlyCount "92"]
[EventDate "2018.11.12"]
[EventCountry "POL"]
[SourceTitle "playchess.com"]
[Source "ChessBase"]
[SourceQuality "1"]

1. e4 c5 2. Nf3 d6 3. d4 cxd4 4. Qxd4 Nc6 5. Bb5 Bd7 6. Bxc6 bxc6 7. e5 d5 8. c4 e6 9. c5 Ne7 10. O-O Nf5 11. Qc3 a5 12. Bd2 Be7 13. Nd4 O-O 14. Nxf5 exf5 15. Re1 Be6 16. Qd4 Qc7 17. Nc3 Rab8 18. Na4 Rb5 19. Rac1 Rfb8 20. b3 f6 21. Bf4 Rb4 22. Qd2 Rxf4 23. Qxf4 Rb4 24. Qe3 Re4 25. Qd2 Rxe1+ 26. Rxe1 fxe5 27. b4 axb4 28. Qxb4 e4 29. Qb6 Qc8 30. Qa7 Bf8 31. Rb1 Qd8 32. Qb8 Qf6 33. Qa8 Bf7 34. Nb6 Qe7 35. a4 d4 36. a5 d3 37. Qxc6 e3 38. fxe3 Qxe3+ 39. Kh1 d2 40. Qf3 Bxc5 41. Qxe3 Bxe3 42. Nc8 Ba2 43. Ra1 Bc4 44. Ne7+ Kf8 45. Nxf5 Bc5 46. Ng3 Bd3 1-0

[Event "67th Warsaw-ch A 2018"]
[Site "Warsaw"]
[Date "2018.11.13"]
[Round "2.15"]
[White "Pietrzak, Wojciech"]
[Black "Goslawski, Michal"]
[Result "0-1"]
[WhiteElo "1802"]
[BlackElo "2099"]
[Annotator "NA"]
[PlyCount "68"]
[EventDate "2018.11.12"]
[EventCountry "POL"]
[SourceTitle "playchess.com"]
[Source "ChessBase"]
[SourceQuality "1"]

1. g3 d5 2. c4 dxc4 3. Nf3 Nf6 4. Bg2 e6 5. Na3 Bxa3 6. Qa4+ Bd7 7. Qxa3 Bc6 8. Qb4 b5 9. a4 Nd5 10. Qc5 Qd6 11. Qxd6 cxd6 12. Nd4 b4 13. b3 cxb3 14. Bb2 Kd7 15. Nxc6 Nxc6 16. Bxg7 Rhc8 17. O-O Na5 18. e4 Ne7 19. Rfb1 Rc2 20. d3 Rac8 21. Bf1 Ra2 22. Bh6 Rcc2 23. Be3 Nec6 24. Kg2 d5 25. exd5 exd5 26. Kf3 d4 27. Bh3+ Kd6 28. Bf4+ Kd5 29. Rf1 Rxa1 30. Rxa1 Ne5+ 31. Bxe5 Kxe5 32. Re1+ Kd5 33. Bf5 b2 34. Rb1 Nb3 0-1

[Event "67th Warsaw-ch A 2018"]
[Site "Warsaw"]
[Date "2018.11.13"]
[Round "2.16"]
[White "Dwilewicz, Katarzyna"]
[Black "Podgorski, Maciej"]
[Result "0-1"]
[WhiteElo "2070"]
[BlackElo "1835"]
[Annotator "NA"]
[PlyCount "112"]
[EventDate "2018.11.12"]
[EventCountry "POL"]
[SourceTitle "playchess.com"]
[Source "ChessBase"]
[SourceQuality "1"]

1. e4 c5 2. Nf3 d6 3. d4 cxd4 4. Nxd4 Nf6 5. Nc3 a6 6. a3 e6 7. Bc4 Be7 8. Be3 O-O 9. f4 Nc6 10. Qf3 Bd7 11. O-O Rc8 12. Ba2 Nxd4 13. Bxd4 Bc6 14. Rad1 Qc7 15. Kh1 b5 16. Qg3 g6 17. f5 Nxe4 18. Nxe4 Bxe4 19. fxe6 d5 20. exf7+ Rxf7 21. Rxf7 Kxf7 22. Rf1+ Ke8 23. Qxc7 Rxc7 24. c3 Bg5 25. Kg1 Rf7 26. Re1 Re7 27. Bc5 Re6 28. g3 Kd7 29. h4 Bd8 30. Kf2 Rf6+ 31. Ke2 Bc7 32. Bf2 Bf3+ 33. Kd2 Be4 34. Ke2 h5 35. b4 Rf3 36. Rd1 Ke6 37. Rd4 Ke5 38. Rd2 Kd6 39. Bb1 Rxf2+ 40. Kxf2 Bxb1 41. Re2 Be4 42. Ke3 Ke5 43. Ra2 Bb6+ 44. Ke2 d4 45. cxd4+ Bxd4 46. Rd2 Bd5 47. Rc2 Ke4 48. Rc8 Bc4+ 49. Ke1 Bb2 50. Rc6 Bxa3 51. Rxa6 Bxb4+ 52. Kd1 Kf5 53. Rc6 Bc3 54. Kc2 Be5 55. Rc5 Kf6 56. Rc6+ Kg7 0-1

[Event "67th Warsaw-ch A 2018"]
[Site "Warsaw"]
[Date "2018.11.14"]
[Round "3.1"]
[White "Heberla, Bartlomiej"]
[Black "Deszczynski, Adam"]
[Result "1-0"]
[WhiteElo "2546"]
[BlackElo "2315"]
[Annotator "ChessBase"]
[PlyCount "83"]
[EventDate "2018.11.12"]
[EventCountry "POL"]
[SourceTitle "playchess.com"]
[Source "ChessBase"]
[SourceQuality "1"]

1. d4 d5 2. c4 c6 3. Nf3 Nf6 4. Nc3 e6 5. Qb3 Nbd7 6. Bg5 Be7 7. e3 h6 8. Bh4 Ne4 9. Bxe7 Qxe7 10. Bd3 Nxc3 11. Qxc3 O-O 12. cxd5 exd5 13. O-O Nf6 14. Ne5 Ng4 15. Nf3 Nf6 16. b4 Ne4 17. Bxe4 dxe4 18. Nd2 Re8 19. a4 Qg5 20. f4 exf3 21. Rxf3 a5 22. Rg3 axb4 23. Qxb4 Qa5 24. Qb2 Qc7 25. Ra3 f6 26. Nc4 Be6 27. Nb6 Ra5 28. Qb4 Rg5 29. Rxg5 hxg5 30. Qc5 Qf7 31. Qc2 Qc7 32. a5 Qd6 33. Qc3 Bf7 34. Na4 Be6 35. Nc5 Re7 36. Ra4 Kf7 37. Rb4 Bc8 38. Qb3+ Qd5 39. Qxd5+ cxd5 40. Kf2 Rc7 41. Rb6 Ke7 42. Kf3 1-0

[Event "67th Warsaw-ch A 2018"]
[Site "Warsaw"]
[Date "2018.11.14"]
[Round "3.2"]
[White "Jarmula, Lukasz"]
[Black "Kowalski, Igor"]
[Result "0-1"]
[WhiteElo "2492"]
[BlackElo "2293"]
[Annotator "TA"]
[PlyCount "86"]
[EventDate "2018.11.12"]
[EventCountry "POL"]
[SourceTitle "playchess.com"]
[Source "ChessBase"]
[SourceQuality "1"]

{[%evp 21,86,30,43,33,36,7,44,50,28,39,66,50,97,102,80,0,60,0,0,0,19,-31,-31,-36,-33,-27,-25,-28,-28,-37,-3,-3,0,-13,13,0,41,26,25,20,21,0,70,38,22,0,0,-18,-31,-160,-216,-226,-43,-44,0,-325,-327,-588,-581,-706,-581,-1464,-1072,-2018,-2219,-29990,-29991]} 1. d4 Nf6 2. Nf3 g6 3. c4 Bg7 4. Nc3 O-O 5. e4 d6 6. Be2 e5 7. O-O Nc6 8. d5 Ne7 9. Bd2 Nd7 10. Rc1 f5 {E97: King's Indian: Classical Main Line (6...e5 7 0-0 Nc6): 8 Be3 and 8 d5 Ne7, not 9 Ne1} (10... h6 11. Ne1 f5 12. Nd3 fxe4 13. Nxe4 Nf5 14. f3 Nf6 15. Ndf2 Nd4 16. Nxf6+ Qxf6 17. Bd3 Bf5 18. Ne4 {1-0 (60) Aronian,L (2809)-Salem,A (2638) Geneva 2017 CBM 180 [Bronznik,V]}) 11. Ng5 Nf6 $1 {LiveBook: 6 Games} 12. f3 f4 {White is slightly better.} 13. Be1 $146 ({Predecessor:} 13. Qb3 b6 14. Rfd1 Kh8 15. Be1 h6 16. Ne6 Bxe6 17. dxe6 Ne8 18. Qa4 {1-0 (45) Littlewood,P (2358)-Ynojosa Aponte,F (2188) Torquay 2009}) 13... h6 14. Ne6 Bxe6 $1 15. dxe6 c6 16. Bf2 Ne8 17. Qb3 b6 18. Qa3 (18. Rfd1 $16) 18... Rf6 (18... c5 $11) 19. Rfd1 (19. c5 $14) 19... c5 $1 $11 20. b4 {[%cal Rb4c5]} Qc8 21. bxc5 dxc5 22. Nd5 Rxe6 23. g3 fxg3 24. hxg3 Nc6 25. f4 {Bg4 is the strong threat.} Rd6 26. Kg2 Qd8 27. Rh1 Nc7 28. Bg4 Ne6 29. Bxe6+ Rxe6 30. f5 Rd6 31. Qf3 Nd4 ({Black should try} 31... Qd7 $11) 32. Bxd4 $1 $14 cxd4 33. Qb3 Kh7 34. c5 bxc5 35. f6 {[#]} (35. Rxc5 $15 Rb8 36. fxg6+ Rxg6 37. Qd3) 35... Rb8 $1 $17 {[%cal Rb8b3]} (35... Bxf6 36. Nxf6+ Rxf6 37. Qb7+ Kg8 38. Rxh6 $18) 36. Qa3 {[#]} Bf8 $2 (36... Rxd5 $1 $19 37. exd5 Bxf6 38. Rxc5 Be7 39. Qxa7 h5) 37. Rb1 a5 {aiming for ...c4.} 38. Qf3 $2 {[%mdl 8192]} (38. Qxc5 $11 {and White stays safe.} Rd7 39. Qc6) 38... c4 $19 {[%cal Bc5c4,Bc4c3,Bc3c2][%mdl 32]} 39. f7 $2 (39. a4 {is a better defense.}) 39... c3 40. Rxb8 Qxb8 41. g4 c2 42. Qf2 Qb2 43. Rxh6+ Kxh6 {Precision: White = 34%, Black = 53%.} 0-1